000
00276nam a2200109Ia 4500
008
231120s2010 xx 000 0 und d
041
_a
eng
100
_a
MARIA FERNANDA CANAL
245
_a
WATERCOLOUR CREATIVE TECHNIQUES
260
_a
BARRONS
_b
BARRONS
_c
2010
300
_a
H-143
999
_c
933474
_d
933474